[Event "TBMM Kupasi Prel 2022"]
[Site "Ankara"]
[Date "2022.03.17"]
[Round "2"]
[White "Caglar, Sila"]
[Black "Yilmaz, Mustafa"]
[Result "0-1"]
[WhiteElo "2200"]
[BlackElo "2627"]
[Annotator "TA"]
[PlyCount "118"]
[EventDate "2022.03.17"]
[EventType "tourn"]
[EventCountry "TUR"]
[SourceTitle "playchess.com"]
[Source "ChessBase"]
[SourceQuality "1"]

{[%evp 14,118,-8,-29,-12,-29,18,0,12,25,38,0,0,0,0,0,0,5,45,10,6,19,62,14,22,0,0,0,3,5,33,41,35,-52,-59,-63,-54,-67,-59,-60,-60,-126,-131,-123,0,0,0,0,0,0,0,0,0,0,320,-111,-107,-1216,-1221,-1172,-1185,-1137,-1111,-1140,-1128,-1202,-1109,-1029,-954,-1041,-968,-1186,-1164,-2187,-2157,-2089,-1106,-1091,-1012,-1639,-1559,-6387,-945,-968,-959,-29949,-6534,-6402,-6295,-6387,-6283,-6187,-6060,-5758,-5585,-5585,-1480,-5402,-2373,-2493,-2266,-29982,-29983,-29983,-29984,-29983,-29984]} 1. e4 e5 2. Nf3 Nc6 3. d4 exd4 4. Nxd4 Nf6 {[%cal Bg8f6,Bf6d5,Bd5b4][%mdl 32]} 5. Nxc6 bxc6 6. e5 Qe7 7. Qe2 Nd5 8. h4 (8. c4 $5 {[%cal Rc4d5]} Nb6 9. b3 $11) 8... Qe6 {C45: Scotch Game.} 9. c4 Bb4+ $5 {[%mdl 4] Exploring less charted territory.} (9... Nb6 $1 {deserves consideration.}) 10. Bd2 $11 Bxd2+ $1 {The position is equal.} (10... Nf4 11. Qe3 Bxd2+ 12. Nxd2 $14) 11. Nxd2 Nb4 {And now ...Nc2+ would win.} 12. Nf3 c5 $1 {[#]} 13. a3 $146 ({Predecessor:} 13. g3 Qf5 14. Bh3 Qc2 15. Rd1 Qxe2+ 16. Kxe2 Nxa2 17. Ra1 Nb4 18. Ra5 d6 19. Bxc8 Rxc8 20. exd6 cxd6 21. Rxa7 {½-½ (40) Maghsoodloo,P (2701)-Amin,B (2680) Abu Dhabi 2021}) 13... Nc6 14. g3 Bb7 {[%cal Oc6e5] White must now prevent ...Nxe5!} 15. Bh3 Qe7 {[%cal Oc6e5]} 16. O-O (16. O-O-O $5 {[%cal Rd1d7]} Rd8 17. Rhe1 $14) 16... O-O 17. Rfe1 Rfe8 (17... Rae8 $11) 18. Qd3 (18. Rad1 $14) 18... d6 19. e6 f6 20. Bf5 g6 21. Be4 Ne5 22. Nxe5 Bxe4 23. Rxe4 (23. Qxe4 $14 fxe5 24. b4) 23... dxe5 $15 24. Qe3 {[%cal Oh4h5]} Rab8 25. b3 Rb6 26. h5 g5 (26... Rxe6 27. hxg6 hxg6 28. Rh4 $11) 27. f4 (27. Rd1 $15) 27... gxf4 $17 ({Inferior is} 27... Rxe6 28. fxg5 f5 29. Rh4 $15) (27... Qxe6 28. fxe5 h6 29. Qd3 $11) 28. gxf4 Kh8 ({Black should try} 28... Rxe6 $17 {...exf4 is the strong threat.} 29. Qh3 Kh8) 29. f5 $11 Rg8+ 30. Kh2 $1 Rg5 (30... Qg7 $2 31. Rg1 Qxg1+ 32. Qxg1 Rxg1 33. Kxg1 $18) 31. Qf3 Qe8 32. Rh4 Rd6 33. Rg1 {aiming for Rxg5.} Rd4 $2 {[%mdl 8192] [#]} (33... Rd2+ $11 {and Black stays safe.} 34. Kh1 e4) 34. Rh3 $2 ({White must play} 34. Rxd4 $1 $18 {White wants to mate with Rxg5.} Rxh5+ 35. Kg2 (35. Rh4 Rxh4+ 36. Kg2 a5 $17) 35... cxd4 36. Kf1) 34... Rf4 $40 {[%mdl 128] White is in trouble.} 35. Qb7 {[%mdl 8192] This costs White the game.} (35. Qe3 $17 Rgxf5 36. Rg2) 35... Rxg1 $19 36. Kxg1 {[%mdl 4096] Endgame [#] KQR-KQR} Qg8+ $1 37. Qg2 Rg4 38. Rh2 h6 39. Kf2 Rxg2+ 40. Rxg2 {KQ-KR} Qd8 41. Ke1 Qd3 42. Rd2 Qe3+ 43. Kd1 Qxb3+ 44. Ke1 Qe3+ 45. Kd1 Qf3+ 46. Ke1 Qh1+ 47. Kf2 Qh2+ 48. Ke1 Qh4+ 49. Kf1 Qxc4+ 50. Ke1 Qh4+ 51. Kf1 Qh1+ 52. Kf2 Qh2+ 53. Ke1 Qg1+ 54. Ke2 Qg4+ 55. Ke1 Qe4+ 56. Kd1 Kg7 57. Rd8 {[#]} Qd4+ $3 {Black mates.} 58. Rxd4 cxd4 59. Kd2 e4 {Weighted Error Value: White=0.79/Black=0.32} 0-1

[Event "TBMM Kupasi Prel 2022"]
[Site "Ankara"]
[Date "2022.03.17"]
[Round "2"]
[White "Okuyaz, Duru"]
[Black "Aydin, Gulenay"]
[Result "1-0"]
[WhiteElo "2094"]
[BlackElo "2069"]
[Annotator "TA"]
[PlyCount "115"]
[EventDate "2022.03.17"]
[EventType "tourn"]
[EventCountry "TUR"]
[SourceTitle "playchess.com"]
[Source "ChessBase"]
[SourceQuality "1"]

{[%evp 9,115,0,-6,0,22,28,24,34,35,33,68,75,135,0,0,0,1,-7,0,0,2,0,52,36,18,24,73,81,93,85,89,92,105,116,176,188,208,126,178,163,208,229,227,168,180,60,123,121,179,148,479,470,513,516,484,318,310,212,252,243,343,195,193,186,206,195,193,186,185,190,193,189,197,131,116,102,138,123,197,197,200,197,175,40,39,42,219,0,0,0,201,202,225,78,269,239,504,520,1271,1513,928,1186,1022,1018,12840,12840,12841,12838]} 1. e4 c6 2. Nc3 d5 3. Nf3 Nf6 4. e5 Ne4 5. d4 Nxc3 6. bxc3 {B11: Caro-Kann: Two Knights Variation.} Bg4 7. h3 Bxf3 8. Qxf3 {[%cal Oe5e6] White has an edge.} e6 $1 9. Bd3 c5 10. Rb1 Qc7 (10... Qd7 $142) 11. O-O {White is much more active.} ({White must play} 11. c4 $1 $16 {[%cal Rc4d5]}) 11... c4 $11 12. Be2 Nc6 13. Qg3 {[#]} O-O-O $146 ({Predecessor:} 13... g6 14. Bg5 Be7 15. Bh6 O-O-O 16. a4 Rhg8 17. Qf4 Bf8 18. Bg5 Re8 19. Rb2 h6 20. Bxh6 Bxh6 21. Qxh6 {0-1 (69) Dai,J (1605)-Zhang,X (2259) Hangzhou 2019}) 14. Bg5 Rd7 15. f4 g6 (15... h6 $11 16. Bh4 Qa5) 16. Bf6 Rg8 17. f5 $36 {[%mdl 2048] White is more active.} Ne7 (17... Be7 $11) 18. fxe6 $16 fxe6 19. Bg4 Qc6 20. a4 h5 21. Bxe7 Rxe7 {[#]} (21... Bxe7 $16 22. Bxh5 Bd8) 22. Bxh5 $1 $18 {[%mdl 512]} Qxa4 (22... Bh6 23. Rf6) 23. Qg5 {[%cal Of1f8] To avoid Bh6. aiming for Rxf8+!} (23. Bxg6 Kc7) 23... Qe8 (23... Qd7 $16) 24. Bg4 Kc7 (24... Bg7 $142 25. Ra1 Kb8) 25. Qc1 Kb8 26. Qb2 {[%cal Og4e6]} b6 {[#]} 27. Qa2 (27. Ra1 $1 $18) 27... Bh6 (27... Bg7 $1 $14) 28. Ra1 $16 {[%cal Og4e6] Strongly threatening Bxe6!} Be3+ (28... Qd7 $16) 29. Kh1 {[%cal Og4e6] Hoping for Bxe6!} Rgg7 $2 {[%mdl 8192]} (29... Qd7 $16 {is more resistant.} 30. Qa3 Rge8) 30. Qa3 $18 Rgf7 31. Qd6+ (31. Rxf7 Qxf7 32. Bf3 (32. Qd6+ Kb7 $11) 32... Rd7 $11) 31... Kb7 32. Rfb1 {[%cal Oa1a7]} Qb8 33. Qa3 Ka8 34. Qa6 {And now Kh2 would win.} g5 (34... Qc7 {keeps fighting.} 35. Rxb6 Qxb6 36. Qxb6 Rf1+ 37. Rxf1 (37. Kh2 Bg1+ 38. Kg3 Bf2+ 39. Kf4 Bxd4+ 40. Rxf1 Bxb6 $16) 37... axb6) 35. Rxb6 (35. Kh2 $142 {Threatens to win with Rxb6.} Bf4+ 36. g3) 35... Qxb6 36. Qxb6 {White threatens Qd8+ and mate.} Rf1+ 37. Rxf1 {White wants to mate with Rf8+.} ({And not} 37. Kh2 Bg1+ 38. Kh1 (38. Kg3 Bf2+ 39. Kh2 Bg1+ 40. Kh1 Bxd4+ 41. Rxf1 Bxb6 $11) 38... Bxd4+ 39. Rxf1 Bxb6 $11) 37... axb6 {[%mdl 4096] Endgame KRB-KRB} 38. Rf6 Bd2 39. Bxe6 Bxc3 40. Bxd5+ Ka7 41. Rf8 ({Don't take} 41. Bxc4 $6 Bxd4 42. g3 Kb7 $16) ({White should try} 41. Rg6 $18) 41... b5 $16 42. e6 Bxd4 43. Rf5 (43. Rf7 Rxf7 44. exf7 Bc5 $16) 43... Be3 (43... Kb6 $16 {was necessary.}) 44. g3 $18 ({Don't play} 44. Rf7 $6 Rxf7 45. exf7 Bc5 $16) 44... Kb6 45. Kg2 Kc5 46. Rf7 Re8 $14 47. Rd7 {Black must now prevent e7.} Kb4 $2 ({Better is} 47... Bd4 $14) 48. Rb7 Kc5 49. Rd7 Kb4 $1 50. Kf3 Bc5 {[#]} 51. Rb7 (51. Ke4 $1 $18 {and the rest is easy.}) 51... Kc3 $2 (51... Bd6 $16) 52. Rxb5 $18 Kd4 (52... Bd6 {was worth a try.} 53. Ke4 Rc8) 53. Bc6 {White is clearly winning.} Rxe6 (53... Rf8+ $142 54. Kg4 Ba3) 54. c3+ $1 Kxc3 55. Rxc5 {Bd5 is the strong threat.} Kb4 56. Rb5+ Kc3 57. Bd5 Re5 {[#]} 58. Bxc4 $1 {Weighted Error Value: White=0.31/Black=0.43} 1-0

[Event "TBMM Kupasi Prel 2022"]
[Site "Ankara"]
[Date "2022.03.18"]
[Round "3"]
[White "Yilmaz, Mustafa"]
[Black "Haznedaroglu, Kivanc"]
[Result "1-0"]
[WhiteElo "2627"]
[BlackElo "2442"]
[Annotator "TA"]
[PlyCount "141"]
[EventDate "2022.03.17"]
[EventType "tourn"]
[EventCountry "TUR"]
[SourceTitle "playchess.com"]
[Source "ChessBase"]
[SourceQuality "1"]

{[%evp 9,141,39,33,33,32,22,30,20,25,14,37,18,25,26,30,0,35,17,25,0,5,10,16,5,29,39,31,27,18,24,79,77,156,83,95,78,95,88,91,91,109,99,106,89,110,107,111,108,105,102,93,0,102,0,98,104,127,120,107,86,74,77,84,85,75,71,71,77,85,67,104,106,89,101,103,102,118,83,83,87,75,8,0,0,72,70,67,68,80,80,94,50,45,0,83,0,89,79,80,0,0,0,72,77,153,66,86,83,205,166,375,372,372,390,390,390,373,373,366,338,320,170,318,324,318,305,305,309,345,248,390,346,1422,1010]} 1. d4 d5 2. c4 dxc4 3. Nf3 Nf6 4. e3 b5 5. a4 b4 6. Bxc4 {D25: Queen's Gambit Accepted: 4 e3: sidelines and 4...Bg4.} e6 7. O-O Be7 8. Nbd2 {White has an edge.} Bb7 9. Qe2 O-O 10. b3 c5 11. Bb2 Nbd7 12. Ba6 $5 {[%mdl 4] A promising side line.} Qb6 13. Bxb7 Qxb7 {[#]} 14. Rfd1 $146 ({Predecessor:} 14. Nc4 Rac8 15. Rfd1 Ne4 16. Nfe5 Ndf6 17. dxc5 Bxc5 18. Rac1 Nd5 19. Qf3 Nec3 20. Bxc3 bxc3 21. Rxc3 {1-0 (29) Mikhalevski,V (2579)-Christiansen,J (2555) St Petersburg 2018}) 14... Rfd8 15. Nc4 Qa6 16. Nfe5 {[%cal Oe5f7]} Nxe5 17. dxe5 Nd5 18. Qg4 Qc6 19. Rac1 {[%cal Oc4d6]} f5 (19... Rd7 $11) 20. exf6 $1 $16 Bxf6 (20... Nxf6 $142 21. Qg3 Rd5) 21. Bxf6 (21. e4 $142 $1 {[%cal Re4d5]} Nc3 22. e5 Rxd1+ 23. Rxd1) 21... Nxf6 {[#]} 22. Ne5 Nxg4 (22... Rxd1+ 23. Rxd1) 23. Nxc6 Rxd1+ 24. Rxd1 {[%mdl 4096] Endgame KRN-KRN} Nf6 {[%cal Bg4f6,Bf6d5,Bd5b6,Bb6c4][%mdl 32]} 25. f3 {White is more active.} Nd5 26. Rd3 a5 {[%cal Oc5c4] [#] aiming for ...c4!} 27. Ne5 Nb6 28. Rd6 $1 {[%csl LRb6,LRe6]} Rb8 {[%cal Oc5c4]} 29. Nc6 (29. Rxe6 c4 30. Rxb6 (30. Nxc4 $2 Nxc4 31. Rc6 Nd2 $19) (30. bxc4 $2 Nxa4 31. Rd6 b3 $19) (30. Nc6 $2 cxb3 31. Rd6 b2 $19) 30... Rxb6 31. Nxc4 Rc6 32. Nxa5 Rc5 $15) 29... Ra8 30. Ne5 {Inhibits c4.} Rb8 {[%cal Oc5c4]} 31. Nc6 (31. Rxe6 c4 32. Rxb6 (32. Nxc4 $2 Nxc4 33. Kf2 Nd2 $19) (32. bxc4 $2 Nxa4 33. Rd6 b3 $19) (32. Nc6 $2 cxb3 33. Rd6 b2 $19) 32... Rxb6 33. Nxc4 Rc6 34. Nxa5 Rc5 $17) 31... Ra8 {[#]} 32. Nxb4 $1 Nc4 33. Ra6 (33. bxc4 $6 axb4 34. Rxe6 Rxa4 $11) 33... Rb8 34. Nd3 (34. bxc4 $6 cxb4 35. Rd6 (35. Rxe6 $2 b3 $19) 35... Kf7 $11) (34. Rxe6 $2 axb4 35. Ra6 (35. bxc4 $2 b3 $19) 35... Nd2 $19) 34... Rxb3 35. Nxc5 Rb1+ 36. Kf2 Rb2+ 37. Kg3 {Threatens to win with Ra8+.} Nxe3 38. Nxe6 (38. Rxe6 Rxg2+ 39. Kh3 Rg5 $11) 38... Rxg2+ 39. Kf4 Nd5+ 40. Ke5 Nb4 41. Ra8+ Kf7 {Hoping for ...Re2+.} 42. Ra7+ Kg8 {White must now prevent ...Nc6+.} 43. Kf5 Nc6 44. Rc7 Nb4 45. Rc8+ ({White should try} 45. Rd7 $16) 45... Kf7 $11 46. Rc7+ (46. Ng5+ $11 Ke7 47. Rc7+ Kd6 48. Rxg7 Rxh2 49. Ne4+ (49. Nxh7 Ra2 $11) (49. Rxh7 Rxh7 50. Nxh7 Kc5 $11) 49... Kc6 50. Rg8) 46... Kg8 $16 47. Rd7 h6 48. h4 Nc6 {[%cal Og2g6]} 49. Rc7 Nb4 50. Rc8+ (50. h5 $16) 50... Kf7 $14 51. Rc7+ Kg8 52. Rd7 (52. Ra7 $16) 52... Rg3 (52... Nc6 $1 $11 {remains equal.}) 53. f4 $16 Rg2 54. Rd8+ (54. h5 $16) 54... Kf7 $1 $11 55. Rd7+ ({White should play} 55. Nd4 $11) 55... Kg8 $1 $16 56. h5 Nc2 (56... Rg1 $142) 57. Rd3 (57. Ra7 $16) 57... Kf7 58. Nd8+ Ke8 {A mistake that costs the game.} (58... Kg8 $16 {keeps fighting.}) 59. Nc6 $18 {Strongly threatening Rd8+.} Rh2 $2 (59... Kf7 60. Ne5+ (60. Nxa5 Rh2 $16) 60... Ke8) 60. Rd8+ Kf7 61. Ne5+ Ke7 62. Rd7+ Ke8 63. Ke6 Rf2 64. Re7+ (64. Rxg7 Rxf4 65. Rg8+ Rf8 66. Rxf8+ Kxf8) 64... Kd8 {...Nd4+ is the strong threat.} 65. Nf7+ (65. Rxg7 Nd4+ 66. Kf6 (66. Kd5 Rxf4 67. Nf7+ Kc8 $16) 66... Rxf4+ 67. Kg6 Ne6 68. Rd7+ Ke8 $18) 65... Kc8 66. Nd6+ Kb8 67. Rb7+ (67. Rxg7 Rxf4 68. Rb7+ Ka8 $16) 67... Ka8 68. Rf7 ({Less strong is} 68. Rxg7 Rxf4 69. Rc7 Ne3 $16) 68... Rd2 69. Rd7 {And now Rd8+ would win.} Nd4+ (69... Rg2 {is a better defense.} 70. Nc4 Nb4 71. Nxa5 Rg1) 70. Kf7 Kb8 $2 (70... Rh2 71. Ne8 (71. Kxg7 Ne6+ 72. Kxh6 Nxf4 $14) 71... Nc6) 71. Nb5 {Weighted Error Value: White=0.18 (very precise) /Black=0.16 (very precise)} 1-0

[Event "TBMM Kupasi Prel 2022"]
[Site "Ankara"]
[Date "2022.03.18"]
[Round "3"]
[White "Sanal, Vahap"]
[Black "Gurel, Ediz"]
[Result "1/2-1/2"]
[WhiteElo "2601"]
[BlackElo "2380"]
[Annotator "TA"]
[PlyCount "242"]
[EventDate "2022.03.17"]
[EventType "tourn"]
[EventCountry "TUR"]
[SourceTitle "playchess.com"]
[Source "ChessBase"]
[SourceQuality "1"]

{[%evp 21,242,-10,-8,-9,0,-33,0,-20,-20,-29,-18,-30,-14,-26,-17,-3,0,0,0,-59,-72,-70,-57,-52,-33,-27,-16,-41,-41,-41,-43,-31,-23,-42,-43,-45,-47,-51,-46,-50,-41,-51,-46,-50,-42,-73,-50,-57,-57,-54,-54,-57,-57,-57,-55,-64,-22,-61,0,-68,-64,-59,-70,-63,-59,-59,-59,-74,-17,-17,0,-32,-32,-95,-8,-32,-32,-39,-39,-41,-12,-15,-15,-15,0,-7,0,0,0,0,0,0,0,0,0,0,0,0,0,0,0,0,0,0,0,0,0,0,0,0,0,0,0,0,0,0,0,0,0,0,0,0,0,0,0,0,0,0,0,0,0,0,0,0,0,0,0,0,0,0,0,0,0,0,0,0,0,0,0,0,0,0,0,0,0,0,0,0,0,0,0,0,0,0,0,0,0,0,0,0,0,0,0,0,0,0,0,0,0,0,0,0,0,0,0,0,0,0,0,0,0,0,0,0,0,0,0,0,0,0,0,0,0,0,0,0,0,0,0,0,0,0,0,0,0,0,0,0,0,0,0,0,0]} 1. c4 c6 2. Nf3 Nf6 3. b3 d5 4. Bb2 Bf5 5. g3 e6 6. Bg2 h6 7. O-O Be7 8. d3 O-O 9. Nbd2 a5 10. a3 Nbd7 11. Qc2 Re8 12. Rfe1 {A12: English Opening: 1...c6 with b3 by White.} Bf8 {[#]} 13. Rad1 $146 ({Predecessor:} 13. e4 dxe4 14. Nxe4 Nxe4 15. dxe4 Bh7 16. Rad1 Qc7 17. Nd4 Rad8 18. Qc3 Nc5 19. Qe3 e5 {0-1 (52) Rey,G (2370)-Schiller,E (2190) San Francisco 1998}) 13... Qc7 14. Qc1 Bh7 15. Nh4 Rad8 16. d4 Ne4 17. Nhf3 Qb6 18. e3 Ndf6 19. c5 Qc7 20. Nb1 (20. Nxe4 $11 Bxe4 21. Ne5) 20... b6 $15 {[%cal Rb6c5]} 21. b4 axb4 22. axb4 bxc5 23. bxc5 Rb8 {White must now prevent ...Qb7.} 24. Ne5 Rb3 25. Nd2 Nxd2 26. Qxd2 Ne4 27. Bxe4 Bxe4 28. f3 Bh7 29. Bc3 f6 30. Nd3 e5 31. Nf2 Bg6 32. Ra1 Qb7 33. Kg2 h5 34. Ra4 e4 35. f4 Ra8 36. Rxa8 Qxa8 37. Ra1 Qb7 38. Ra5 Rb1 (38... Be7 $15) 39. Ra1 Rb3 (39... Rxa1 $15 40. Bxa1 Bf5) 40. Ra4 (40. Ra5 $1 $11) 40... Qb5 41. Rb4 Rxb4 42. Bxb4 Bf5 43. h3 Bc8 44. Qe1 f5 ({Better is} 44... Be7 $17) 45. Ba5 Ba6 46. g4 Be7 47. Kg3 {[#] Prevents Bh4+.} ({White should try} 47. g5 $15) 47... g6 (47... g5 $1 $17 {And now ...Qb8 would win.} 48. Bc7 fxg4 49. hxg4 h4+ 50. Kg2 Qb2) 48. g5 Kf7 49. Nd1 Qd3 50. h4 Bb5 51. Nc3 {The position is equal.} Bc4 52. Qc1 Bb3 53. Kf2 Bc4 54. Qd1 Ke6 55. Qxd3 Bxd3 $11 {[%mdl 4096] Endgame KBB-KBN} ({Don't take} 55... exd3 56. Ke1 $14) 56. Ke1 Kd7 57. Na4 Bd8 58. Bb6 Bc2 59. Nb2 Bd3 60. Kd2 Bb5 61. Kc3 Kc8 62. Kb4 Bc7 63. Nd1 Kb7 64. Ka5 Bd3 65. Nf2 Be2 66. Nh1 {[#] Bxc7 is the strong threat.} Bb8 67. Ng3 Bg4 $1 68. Bd8 Ka7 69. Kb4 Kb7 70. Nf1 Bc7 71. Bxc7 Kxc7 {KB-KN} 72. Ka5 Kb7 $1 73. Nd2 Be2 74. Nb1 Bd3 75. Nc3 Bf1 76. Na4 Be2 77. Nb6 {Intending Nd7 and mate.} Kc7 {Inhibits Nd7.} 78. Kb4 Ba6 79. Kc3 Bb5 80. Kd2 Kd8 81. Kc3 Kc7 82. Kb4 {[%cal Ob6d5]} Ba6 83. Na4 Kb7 84. Kc3 Bb5 85. Nb2 Kc7 86. Kd2 Bf1 87. Ke1 Bh3 88. Na4 Bg4 89. Nc3 Bf3 90. Nb1 Bg4 91. Nd2 Kb7 92. Nf1 Kc7 93. Nh2 Bh3 94. Kf2 Bg4 95. Ke1 Bh3 96. Kd2 Kb7 97. Ke2 Kc7 98. Ke1 Kd7 99. Kf2 Kc7 100. Kg3 Bg4 101. Nf1 Be2 102. Nd2 Bd3 {aiming for ...Kb7.} 103. Kf2 Bb5 104. Ke1 Bd3 105. Nb3 Bc4 106. Nd2 Bd3 107. Kd1 Kb7 108. Kc1 $1 Kc7 109. Kb2 Kb7 110. Kc3 Be2 111. Kb4 Bd3 112. Ka5 Kc7 113. Nb3 Bc4 114. Nd2 Bd3 115. Ka4 Kb7 116. Kb4 Kc7 117. Kc3 Be2 118. Kb2 Kb7 119. Nb1 Kc7 120. Nc3 Bd3 121. Kc1 Kb7 {Weighted Error Value: White=0.12 (very precise) /Black=0.10 (very precise)} 1/2-1/2

[Event "TBMM Kupasi Prel 2022"]
[Site "Ankara"]
[Date "2022.03.18"]
[Round "3"]
[White "Gokerkan, Cem Kaan"]
[Black "Ozturk Orenli, Kubra"]
[Result "1-0"]
[WhiteElo "2445"]
[BlackElo "2334"]
[Annotator "TA"]
[PlyCount "93"]
[EventDate "2022.03.17"]
[EventType "tourn"]
[EventCountry "TUR"]
[SourceTitle "playchess.com"]
[Source "ChessBase"]
[SourceQuality "1"]

{[%evp 9,93,-26,-6,-20,-30,-33,60,63,65,59,65,59,97,92,99,100,100,100,93,101,133,135,190,131,134,133,112,114,143,161,159,161,156,109,134,108,202,206,211,206,234,232,256,206,189,177,403,392,503,163,171,155,329,314,294,135,127,152,158,125,318,318,493,477,402,402,485,466,429,443,428,386,4634,4627,29971,29970,29974,29975,29975,29976,29976,29977,29975,29976,29976,29976]} 1. e4 e5 2. Nc3 Nf6 3. f4 d5 4. fxe5 Nxe4 5. Qf3 f5 6. d3 {[%cal Bd2d3,Bd3d4][%mdl 32] C29: Vienna Game: 2...Nf6 3 f4.} Nxc3 7. bxc3 Nc6 ({Black should try} 7... d4 $1 $15) 8. d4 $14 {White is slightly better.} Qh4+ 9. Qf2 Qxf2+ 10. Kxf2 {[#]} Be6 $146 ({Predecessor:} 10... Na5 11. Ne2 c6 12. h4 Be6 13. Nf4 Kd7 14. a4 Rg8 15. Ba3 g6 16. Bxf8 Raxf8 {1-0 (54) Yip,C (2285)-Panchanathan,M (2494) Rockville 2019}) 11. Ne2 Bf7 12. h4 O-O-O 13. Nf4 g6 14. Bd3 Bg7 15. h5 Kb8 (15... Rde8 $16 16. Nh3 Nd8) 16. h6 (16. hxg6 $18 hxg6 17. Ba3) 16... Bf8 $16 17. Nh3 Be7 18. Bg5 Rdf8 19. Bxe7 Nxe7 20. Ng5 Be8 21. Ne6 (21. c4 $142) 21... Rf7 22. Raf1 Nc6 {[#]} (22... Bc6 $16) 23. g4 $1 $18 Bd7 24. Nf4 {And now e6 would win.} (24. Ng5 $6 Rff8 $16) 24... Nd8 {To avoid e6} (24... fxg4 25. Kg3 Rff8 26. Nxd5) 25. Nxd5 Bc6 26. Bc4 fxg4+ 27. Kg3 Rhf8 $2 (27... b5 {is a better defense.}) 28. Nf6 {Active counter play!} Rxf6 29. exf6 (29. Rxf6 Rxf6 30. exf6 Bxh1 31. f7 (31. Kxg4 Kc8 $14) 31... Nxf7 32. Bxf7) 29... Bxh1 30. Rxh1 {Hoping for Re1.} Rxf6 $2 {[%mdl 4096] Endgame [#] KRB-KRN} (30... b5 $16 {was worth a try.}) 31. Bg8 $1 Nf7 32. Kxg4 (32. Bxh7 $18 {Black must now prevent Bg8.} c5 33. Bg8 (33. dxc5 Rf3+ 34. Kg2 Rh3 $14) (33. Kxg4 g5 $18) 33... Nxh6 34. Rxh6) 32... g5 33. Bxf7 Rxf7 $16 {KR-KR} 34. Re1 {[%cal Re1e8]} (34. Kxg5 $6 Kc8 $14) 34... b5 $2 (34... a5 $16 35. Re8+ (35. Kxg5 Ka7 $16) 35... Ka7) 35. Re5 $18 ({Not} 35. Kxg5 Kc8 36. Re5 Kd7 37. Rd5+ (37. Rxb5 Rf2 $18) 37... Ke7 38. Rxb5 Rf2 39. Re5+ Kd6 $18) 35... a6 (35... Kc8 $142 36. Kxg5 (36. Rxb5 Rf2 $16) 36... Kd7 37. Rd5+ (37. Rxb5 Rf2 $16) 37... Ke7 38. Rxb5 Rf2) 36. Rf5 Re7 (36... Rxf5 $2 37. Kxf5 Kc8 38. Kxg5) 37. Kxg5 {Kf6 is the strong threat.} Re3 38. Kf6 {aiming for Kg7.} ({Less strong is} 38. Rf7 Rg3+ 39. Kf4 Rxc3 40. Rxh7 Rc6 $18) 38... Rxc3 39. Kg7 Rxc2 40. Kxh7 Rxa2 $2 (40... Rg2 41. a3 Kb7) 41. Kg6 {Threatening mate with h7.} Rg2+ 42. Rg5 {White mates.} Rf2 43. h7 Rf8 44. Kg7 Rd8 45. Kf6 Kb7 46. Rg8 Rd6+ 47. Ke5 {Weighted Error Value: White=0.18 (very precise) /Black=0.49} 1-0

[Event "TBMM Kupasi Prel 2022"]
[Site "Ankara"]
[Date "2022.03.18"]
[Round "3"]
[White "Yarar, Bora"]
[Black "Okuyaz, Duru"]
[Result "1-0"]
[WhiteElo "2424"]
[BlackElo "2094"]
[Annotator "TA"]
[PlyCount "75"]
[EventDate "2022.03.17"]
[EventType "tourn"]
[EventCountry "TUR"]
[SourceTitle "playchess.com"]
[Source "ChessBase"]
[SourceQuality "1"]

{[%evp 11,75,0,0,-37,-36,-52,-6,-8,24,0,0,6,0,-37,0,-25,48,45,93,98,144,139,129,125,153,157,191,161,287,234,235,136,136,135,124,57,137,48,20,40,438,0,404,0,0,0,33,35,291,275,945,910,988,975,907,364,868,860,860,837,837,796,29997,29998,29998,29999]} 1. e4 e6 2. d4 d5 3. e5 c5 4. c3 Qb6 5. Nf3 Nc6 6. Bd3 cxd4 7. O-O $1 {[%mdl 4] now scores much better than the old 7.cxd4. C02: French: Advance Variation.} Bd7 8. Re1 Nh6 (8... Rc8 $15) 9. h3 {[#] The position is equal.} g6 $146 ({Predecessor:} 9... Be7 10. Nbd2 dxc3 11. bxc3 Nf5 12. Rb1 Qc7 13. Nb3 h6 14. Bf4 Qd8 15. g4 Nh4 16. Nxh4 Bxh4 {1-0 (25) Mamedov,R (2654)-Bluebaum,M (2672) chess24.com INT 2020}) 10. Nbd2 {[%cal Bb1d2,Bd2c4,Bc4d6][%mdl 32]} Nf5 11. c4 Nb4 12. Bxf5 gxf5 13. cxd5 $1 d3 (13... exd5 14. Nb3 $16) (13... Nxd5 14. Nc4 Qc5 15. b3 $11) ({Black should try} 13... Rc8 $11) 14. Nc4 $14 {Pair of Knights!} Qc5 (14... Qa6 $14 {might be stronger.} 15. Nd6+ Bxd6 16. exd6 Nxd5) 15. dxe6 $16 Bxe6 (15... fxe6 $142 16. Nd6+ Bxd6 17. exd6 Qxd6) 16. Nd6+ $1 Bxd6 17. exd6 O-O-O 18. Bf4 Kb8 19. Rc1 Qd5 (19... Qb5 $142 20. a4 Qa6) 20. Re5 Qxa2 21. Rb5 (21. d7 Ka8 $16) (21. Rec5 $1 $18) 21... Nd5 22. Be5 {d7+ is the strong threat. Chess con chili.} f6 23. Bd4 ({Better is} 23. Bh2 $1 $16) 23... Qa6 {[#]} (23... b6 $1 $14) 24. Rb3 (24. Qxd3 Rxd6 25. Qa3 Qxa3 26. bxa3 Rg8 $15) (24. Bxa7+ $1 $16 {[%mdl 512]} Qxa7 25. Ra1 Qxa1 26. Qxa1 Rxd6 27. Qa3) 24... Qxd6 $14 25. Rxd3 Rhg8 $2 {[%mdl 8192] [#]} (25... Bf7 $1 $14) 26. g3 $2 ({Stronger than} 26. Qa4 Qa6 27. Qxa6 bxa6 $11) (26. Bxf6 $1 $18 {[%mdl 512] Hoping for Be5.} Qf8 (26... Qb6 27. Be5+) 27. Bxd8 Qxd8 28. Rc5) 26... Qe7 $2 {[%mdl 8192] [#]} (26... Bf7 $1 $11 {and Black is okay.}) 27. Qa4 $2 ({White has to play} 27. Bxa7+ $1 $18 {[%mdl 512]} Kxa7 28. Qa4+ Kb8 29. Ra3) 27... a6 $11 28. Bc5 $1 $36 {[%mdl 2048] White has good play.} Qf7 29. Nd4 {[%cal Od4c6] aiming for Nc6+!} f4 $2 {[%mdl 8192]} (29... Ka8 $1 $14) 30. Nc6+ $18 bxc6 $2 (30... Ka8) 31. Rb3+ Kc8 32. Qxc6+ Nc7 {[#]} 33. Bb6 Bxb3 $2 (33... Bd5 34. Qa4 Rd7) 34. Qa8+ $1 (34. Bxc7 Qd5 35. Qxa6+ Kd7 36. Bxd8 Rxd8 $11) 34... Kd7 35. Rxc7+ Ke8 36. Qc6+ ({Less strong is} 36. Qxd8+ Kxd8 37. Rxf7+ Ke8 38. Rxh7 (38. Rxf6 fxg3 39. f3 g2 $11) 38... fxg3 $14) 36... Rd7 37. Rc8+ Ke7 38. Bc5+ {[%mdl 64] Discovered Attack.  Weighted Error Value: White=0.81/Black=0.91} 1-0